Värikkäiden merten valtiot - Statistics

Yleistilastot
  • Tätä visaa on pelattu 427 kertaa
  • Keskiarvotulos 11 / 17
Vastaustilastot
Meri Valtio % Oikein
Mustameri Venäjä
88%
Mustameri Turkki
80%
Punainenmeri Egypti
78%
Mustameri Ukraina
78%
Punainenmeri Saudi-Arabia
76%
Punainenmeri Jemen
71%
Mustameri Bulgaria
69%
Mustameri Georgia
69%
Keltainenmeri Kiina
69%
Mustameri Romania
68%
Punainenmeri Israel
64%
Punainenmeri Eritrea
61%
Punainenmeri Jordania
59%
Punainenmeri Djibouti
57%
Punainenmeri Sudan
54%
Keltainenmeri Etelä-Korea
50%
Keltainenmeri Pohjois-Korea
46%
Ehtoja vastaavia visoja ei löytynyt
Tulosjakauma
Jokaisen tuloksen saaneiden osuus
Persentiili vastausten määrän mukaan
Tuloshistoriasi
Et ole pelannut tätä visaa